Southville International School and Colleges

Student information system of saint francis of assisi college / (Record no. 288461)

000 -LEADER
fixed length control field 00558nam a22001577a 4500
003 - CONTROL NUMBER IDENTIFIER
control field PILC
005 - DATE AND TIME OF LATEST TRANSACTION
control field 20250217115457.0
008 - FIXED-LENGTH DATA ELEMENTS--GENERAL INFORMATION
fixed length control field 150824b xxu||||| |||| 00| 0 eng d
050 ## - LIBRARY OF CONGRESS CALL NUMBER
Classification number QA 76.76.A65
Item number .M672 2010
100 ## - MAIN ENTRY--PERSONAL NAME
Personal name Miranda, Romeo R. Jr.
245 ## - TITLE STATEMENT
Title Student information system of saint francis of assisi college /
Statement of responsibility, etc Romeo R. Miranda Jr.
260 ## - PUBLICATION, DISTRIBUTION, ETC. (IMPRINT)
Place of publication, distribution, etc Las Piñas City :
Name of publisher, distributor, etc Southville International School and Colleges,
Date of publication, distribution, etc 2010.
300 ## - PHYSICAL DESCRIPTION
Extent viii, 31 pages ;
Dimensions 28 cm.
500 ## - GENERAL NOTE
General note Includes bibliographical references and appendix.
942 ## - ADDED ENTRY ELEMENTS (KOHA)
Source of classification or shelving scheme
Koha item type Theses
Holdings
Barcode Source of classification or shelving scheme Permanent Location Price effective from Koha item type Current Location Date acquired Damaged status Shelving location Date last seen Lost status Withdrawn status Full call number Source of acquisition
T0873 College Library2015-08-24ThesesCollege Library2015-08-24 Theses Section2017-03-23  QA 76.76.A65 .M672 2010 Donation
Powered by Koha